000 00438nam a22001697a 4500
005 20160616110006.0
008 160616b xxu||||| |||| 00| 0 eng d
020 _a81-2970-732-2
041 _aeng
082 _b7925
100 _aGrook, colin and wind, yoram with gunter robert
_92064
245 _aThe Rower of Impossible thenking
260 _aDelhi
_bpearson education
300 _a262
650 _aManagement
_9241
942 _cBK
999 _c2894
_d2893